| 000 -LEADER |
| fixed length control field |
04116cam a2200349 a 4500 |
| 001 - CONTROL NUMBER |
| control field |
14433641 |
| 005 - DATE AND TIME OF LATEST TRANSACTION |
| control field |
20170105102940.0 |
| 008 - FIXED-LENGTH DATA ELEMENTS--GENERAL INFORMATION |
| fixed length control field |
060630s2006 nyuab b 001 0 eng |
| 010 ## - LIBRARY OF CONGRESS CONTROL NUMBER |
| LC control number |
2006021673 |
| 020 ## - INTERNATIONAL STANDARD BOOK NUMBER |
| International Standard Book Number |
0810930951 (hardcover) |
| 020 ## - INTERNATIONAL STANDARD BOOK NUMBER |
| International Standard Book Number |
9780810930957 (hardcover) |
| 020 ## - INTERNATIONAL STANDARD BOOK NUMBER |
| International Standard Book Number |
0810993384 (pbk.) |
| 020 ## - INTERNATIONAL STANDARD BOOK NUMBER |
| International Standard Book Number |
9780810993389 (pbk.) |
| 035 ## - SYSTEM CONTROL NUMBER |
| System control number |
(OCoLC)70258916 |
| 040 ## - CATALOGING SOURCE |
| Original cataloging agency |
DLC |
| Transcribing agency |
DLC |
| Modifying agency |
YDX |
| -- |
BAKER |
| -- |
GZM |
| -- |
VP@ |
| -- |
BTCTA |
| -- |
YDXCP |
| -- |
OMB |
| -- |
GK8 |
| -- |
OCLCQ |
| -- |
LMR |
| -- |
LVB |
| -- |
OMP |
| -- |
DLC |
| 050 00 - LIBRARY OF CONGRESS CALL NUMBER |
| Classification number |
HC79.E5 |
| Item number |
W676 2006 |
| 082 00 - DEWEY DECIMAL CLASSIFICATION NUMBER |
| Classification number |
333.7 |
| Edition number |
22 |
| Author Mark |
WOR 2006 |
| 245 00 - TITLE STATEMENT |
| Title |
Worldchanging : |
| Remainder of title |
a user's guide for the 21st century / |
| Statement of responsibility, etc. |
edited by Alex Steffen ; foreword by Al Gore ; design by Sagmeister Inc. |
| 246 3# - VARYING FORM OF TITLE |
| Title proper/short title |
World changing |
| 260 ## - PUBLICATION, DISTRIBUTION, ETC. |
| Place of publication, distribution, etc. |
New York : |
| Name of publisher, distributor, etc. |
Abrams, |
| Date of publication, distribution, etc. |
2006. |
| 300 ## - PHYSICAL DESCRIPTION |
| Extent |
596 p. : |
| Other physical details |
ill. (chiefly col.), col. map ; |
| Dimensions |
25 cm. |
| 504 ## - BIBLIOGRAPHY, ETC. NOTE |
| Bibliography, etc. note |
Includes bibliographical references (p. 538-546) and index. |
| 505 0# - FORMATTED CONTENTS NOTE |
| Formatted contents note |
STUFF: Questioning consumption -- Consuming responsibly -- Understanding trade -- Creating healthy homes -- Doing the right thing can be delicious -- Buying better food everywhere -- Eating better meat and fish -- Preserving barnyard biodiversity -- Cars and fuel -- Bright green consumerism -- Designing a sustainable world -- Picking green materials -- Craft it yourself -- Engineer it yourself -- Art meets technology -- Biomimicry -- Nanotechnology -- Neobiological industry -- Knowing what's green -- Producer responsibility -- Collaborative design -- Open source -- Design for development -- Bright green computers -- SHELTERS: Green remodeling -- Building a green home -- Living well in a compact space -- Developing green housing -- Furniture and home decor -- Lighting -- Energy -- Using energy efficiently -- Green power -- Going off the grid -- Smart grids -- Water -- Conserving water -- Thinking differently about water -- Landscaping -- EcoHouse Brazil -- Refugees -- Reinventing the refugee camp -- Transforming disaster relief -- Open-source humanitarian design -- Land mines -- Rethinking refugee reconstruction -- CITIES: The bright green city -- Vancouver -- Portland -- Retrofitting the suburbs -- Big green buildings and skyscrapers -- Healing polluted land -- Greening infrastructure -- Place-making -- Urban transportation -- Product-service systems -- Chinese cities of the future -- Lagos -- Megacity innovations -- The hidden vitality of slums -- Leapfrogging -- ICT4D -- Brazil's Telecentros -- Leapfrogging infrastructure -- COMMUNITY: Holistic problem solving -- Education and literacy -- Educating girls and empowering women -- Public health -- South-south science -- Copyfight -- Urban community development -- Community capital -- Microfinance -- Social entrepreneurship -- Giving well -- The barefoot college -- Travel and tourism -- Global culture -- BUSINESS: Your money -- Creating business value from sustainability -- Green marketing -- Brands -- Thriving in a bright green economy -- Seeing the big picture -- Start-up 101 -- POLITICS: Movement building -- Networking politics -- Amplifying your voice -- Connecting with others -- Tools for talking -- Demanding transparency -- Demanding human rights -- Watching the watchers -- Protest -- Direct action -- Nonviolent revolution -- Ending violence -- PLANET: Placing yourself -- Citizen science -- Restoration ecology -- Ecosystem services -- Biodiversity: how much nature is enough? Sustainable forestry -- Creating rural sustainability in the global south -- Future of the small town -- Local greenhouse forecast -- Climate foresight -- A personal action plan -- Mapping -- Charting the deep oceans -- Polar regions -- The solar system: greens in space -- Imagining the future. |
| 650 #0 - SUBJECT ADDED ENTRY--TOPICAL TERM |
| Topical term or geographic name entry element |
Environmentalism. |
| 650 #0 - SUBJECT ADDED ENTRY--TOPICAL TERM |
| Topical term or geographic name entry element |
Sustainable development. |
| 650 #0 - SUBJECT ADDED ENTRY--TOPICAL TERM |
| Topical term or geographic name entry element |
Green movement. |
| 700 1# - ADDED ENTRY--PERSONAL NAME |
| Personal name |
Steffen, Alex. |
| 856 41 - ELECTRONIC LOCATION AND ACCESS |
| Materials specified |
Table of contents only |
| Uniform Resource Identifier |
<a href="http://www.loc.gov/catdir/toc/ecip0616/2006021673.html">http://www.loc.gov/catdir/toc/ecip0616/2006021673.html</a> |
| 906 ## - LOCAL DATA ELEMENT F, LDF (RLIN) |
| a |
7 |
| b |
cbc |
| c |
orignew |
| d |
1 |
| e |
ecip |
| f |
20 |
| g |
y-gencatlg |
| 942 ## - ADDED ENTRY ELEMENTS (KOHA) |
| Source of classification or shelving scheme |
|
| Koha item type |
Book |